| 000 | 00874cab a2200253 4500 | ||
|---|---|---|---|
| 001 | ABS58302 | ||
| 008 | 090401t1998 xxu||||| |||| 00| 0 eng d | ||
| 035 | _a(Sirsi) u84640 | ||
| 041 | _aeng | ||
| 100 | _aBurrows, R. | ||
| 245 | _aResidential mobility and the owner-occupied market in England 1984-1996 | ||
| 260 | _c1998 | ||
| 350 | _a0 | ||
| 490 |
_aHousing Finance _v(37) February 1998, 15-23(9) |
||
| 520 | _aExamines data on the changing patterns of residential mobility with regards to the owner-occupied market in England between 1984 and 1996. Concludes that rates of mobility amongst homeowners varies with the economic cycle. | ||
| 650 | _aHOUSING MARKET | ||
| 650 | _aOWNER-OCCUPIERS | ||
| 650 | _aPRIVATE RENTED SECTOR | ||
| 650 | _aRESIDENTIAL MOBILITY | ||
| 650 | _aSOCIAL HOUSING | ||
| 690 | _aHOUSING | ||
| 942 | _n0 | ||
| 948 | _c04/03/1998 | ||
| 999 |
_c53210 _d53210 |
||